000 00721nam a2200241 i 4500
001 77914
003 ES-MaACL
005 20240227155501.0
007 t|
008 041115s1975 sp ||||1| spa d
017 _aM 30629-1975
020 _a84-309-0602-9
080 _a32(46)"1939/75"(046)
100 1 _aJiménez de Parga, Manuel.
_966509
245 1 0 _aLo que nos pasa
_b: 1974 /
_cManuel Jiménez de Parga.
260 _aMadrid :
_bTecnos,
_c1975.
300 _a317 p. ;
_c20 cm.
490 1 _aColección Ventana abierta
651 4 _aEspaña-
_xHistoria-
_y1939-1975, Dictadura.
_9167928
830 0 _aVentana abierta
_9179022
852 _aES-MaACL
_jE-10382
_bR.130993
999 _c77914
_d77914